000 00682cam a2200217 4500500
005 20260405002118.0
041 _afre
042 _adc
100 1 0 _aLacroix, Alexandre
_eauthor
245 0 0 _aPhilippe-Joseph Salazar : “Le communiqué du Califat a une dimension cachée”
260 _c2015.
500 _a59
690 _aCalifat
690 _aIslam
690 _aIslamisme
690 _aPhilippe-Joseph Salazar
690 _aTerreur
690 _aTerrorisme
786 0 _nPhilosophie magazine | 95 | 12-1 | 2015-12-01 | p. 31-32 | 1951-1787
856 4 1 _uhttps://shs.cairn.info/magazine-philosophie-magazine-2015-12-1-page-31?lang=fr&redirect-ssocas=7080
999 _c2054351
_d2054351